000 00326nam a2200169Ia 4500
100 _aRavichandran/R
650 _aPython
942 _cBK
366 _f20
654 _apython
245 _aLearn to Master python
260 _bStaredu solutions
082 _bRAV
300 _a356
546 _aENGLISH
999 _c19247
_d19247